El siglo XX de El Comercio : (Registro nro. 292)
[ vista simple ]
| 000 -Cabecera | |
|---|---|
| Campo de control interno | 00885nam a2200229Ia 4500 |
| 005 - Fecha y hora del registro | |
| control field | 20251203123025.0 |
| 008 - Elementos de Longitud Fija | |
| fixed length control field | 251203t2000||||xx |||||||||||||| ||spa|| |
| 020 ## - ISBN | |
| ISBN | 9972617130 |
| 041 ## - Idioma | |
| Codigo Idioma | ESP |
| 082 ## - DEWEY y NOTACIÓN INTERNA | |
| Dewey | 909.82 |
| Notación Interna | T22 |
| 100 ## - AUTOR | |
| Autor denominación | Tarrida, Joan, |
| Títulos y otras palabras asociadas con el nombre | director |
| 245 #0 - TÍTULO DE MATERIAL BIBLIOGRÁFICO | |
| Título | El siglo XX de El Comercio : |
| Título paralelo | Tomos 1-10 |
| 260 ## - CIUDAD, EDITORIAL, AÑO | |
| Ciudad | Barcelona : |
| Nombre de la Editorial | Plaza & Janés Editores, |
| Año | 2000 |
| 300 ## - DESCRIPCIÓN | |
| N° Páginas | 185 páginas : |
| Otros detalles | ilustraciones, fotografías ; |
| Dimensiones | 29 cm. |
| Material Adicional | |
| 440 ## - MENCIÓN DE SERIE | |
| Título de la Serie | |
| Número de Serie | |
| Volumen de Serie | |
| 505 ## - TABLA DE CONTENIDO | |
| Tabla de Contenido | Contiene: Tomo 1. 1900-1909; Tomo 2. 1910-1919; Tomo 3. 1920-1929; Tomo 4. 1930-1939; Tomo 5. 1940-1949; Tomo 6. 1950-1959; Tomo 7. 1960-1969; Tomo 8. 1970-1979; Tomo 9. 1980-1989; Tomo 10. 1990-1999. |
| 650 ## - TEMAS | |
| Temas | Geografía |
| 653 ## - DESCRIPTORES | |
| Lenguajes no controlado | Historia universal - Siglo XX; Noticias (Periodismo) - Perú - Siglo XX; El Comercio (Periódico) |
| 654 ## - PROGRAMAS | |
| Programa | Todos los programas |
| 942 ## - ELEMENTOS DE KOHA | |
| Tipo de documento | Libro |
| Nombre del creador | Justo Noguera |
| Código de catalogador | Margarita Torres |
| Esquema de clasificación | Dewey Decimal Classification |
| Suppress in OPAC | |
| Codigo completo | Registro | Colección | Copia número | Disponibilidad | Tipo de préstamo | Biblioteca Actual | Procedencia (Biblioteca) | Ubicacón | Fecha Ingreso | Tipo de Adquisición | Date last seen | Total checkouts | Price effective from | Tipo de Item | Estado del Material | Fuente de Clasificación | Damaged status | Withdrawn status |
|---|---|---|---|---|---|---|---|---|---|---|---|---|---|---|---|---|---|---|
| 909.82 T22 | 1085171 | Colección Vera Bejar | 1 | Restringido | Víctor Andrés Belaunde | Víctor Andrés Belaunde | Planta baja cerrada | 03/12/2025 | Donación | 03/12/2025 | 03/12/2025 | Libro | Bueno | Dewey Decimal Classification | Withdrawn |




